000 01148nam a22002777a 4500
005 20150409103014.0
010 _aBAC-EN21 ENG-111759
020 _a9788121927857
_c425.00
020 _a8121927854
_c425.00
035 _aEN-95291
035 _aB-591770-791
037 _bUBH/Ven
_a dpl
037 _bDBAD/PUB
082 _a587
100 _aVashishta, P.C.
245 _aPteridophyta :
_bvascular cryptogams : botany for degree students /
_cby P.C. Vashishta; revised by A. K. Sinha [and] Anil Kumar
250 _aMulticolour illustrative ed
260 _aNew Delhi
_bS. Chand
_c2014(repr.)
270 _a7361,Ram Nagar
_bNew Delhi
_e110055
300 _axii,628p. :
_bcol ill.
_c24cm(pbk)
500 _aIncludes bibliographical references
700 _aSinha, A.K.
700 _aAnil Kumar
942 _2ddc
_cEN
_mVAS
_h587
999 _c89030
_d89030